00274 a2200121 4500260001500000245006300015300001000078260001000088260000900098130000800107100001900115020001800134 bFlammarion aCannibales et monarques : essai sur l'origine des cultures a267p. aParis c1979 lfr. aHARRIS, Marvin a2-08-064193-X